Revista Reflexiones. Tabla de contenido: número 138, 2013
Spremljeno u:
| Format: | Knjiga |
|---|---|
| Jezik: | Spanish |
| Izdano: |
2013
|
| Oznake: |
Dodaj oznaku
Bez oznaka, Budi prvi tko označuje ovaj zapis!
|
MARC
| LEADER | 00000nam a22000007a 4500 | ||
|---|---|---|---|
| 003 | cru IIS | ||
| 005 | 20211016102929.0 | ||
| 008 | 211015b2013 es ||||| |||| 00| 0 spa d | ||
| 040 | |c CRAI UCR | ||
| 082 | |a REV1661 (138) 2013 | ||
| 245 | |a Revista Reflexiones. Tabla de contenido: número 138, 2013 | ||
| 260 | |c 2013 | ||
| 500 | |a Colección Centroamérica | ||
| 505 | |a Presentación No. 138 - El Editor 529-530 // Desarrollo rural: hacia una visión compleja - Mario Sosa Velásquez 531-551 // Ruralidad: investigación y un buen vivir alternativo - Lilian Vega 553-572 // El debate marxista sobre la crisis económica actual financiarización: ¿Causa o consecuencia de la crisis capitalista? - Beatriz Escobar 573-598 // Incidencia de la legislación laboral en las condiciones del empleo juvenil - Raúl González, Marielos García 599-631 // El Rebelde y Estrella Roja, publicaciones de las FPL en la década de 1970 - Luis Alvarenga 633-671 // Una comparación entre los idearios políticos fundacionales de ARENA y el FMLN - Carlos Mauricio Hernández 673-697 | ||
| 773 | 0 | |0 40343 |9 6235 |a Universidad Centroamericana José Simeón Cañas (UCA) |d El Salvador: Universidad Centroamericana José Simeón Cañas. Facultad de Ciencias Sociales y Humanidades |o 16542 |t Realidad: |x 10125515 | |
| 942 | |2 ddc |c PP | ||
| 999 | |c 43920 |d 43920 | ||
